| 000 | 00708nam a2200229 a 4500 | ||
|---|---|---|---|
| 003 | OSt | ||
| 005 | 20220531084003.0 | ||
| 006 | a||||er|||| 000 0 | ||
| 007 | ta | ||
| 008 | 202010e2010 dr |||e i||| 000 0 spa d | ||
| 020 | _a978-9945-16-370-4 | ||
| 040 |
_aDO-SdBNP _bspa _cBNPHU |
||
| 041 | 0 | 1 | _hspa |
| 082 |
_axxx. _bP273d |
||
| 110 | _4Partido Revolucionario Dominicano . | ||
| 245 |
_aDeclaración de principios del PRD / _cTirso Mejía Ricart, ed. ; Alexandra Deschamps , diagramación |
||
| 260 |
_aSanto Domingo : _bBúho , _c2010 . |
||
| 300 |
_a39 pg. ; _c20 cm. |
||
| 700 | 1 |
_aMejía Ricart , Tirso , _eed. _980111 |
|
| 710 |
_4Deschamps , Alexandra , _bDiagramación. _977062 |
||
| 942 |
_2ddc _cLF2 |
||
| 999 |
_c48978 _d48978 |
||